=LDR 00000nam 2200000 4500 =001 INLIS000000000023730 =005 20200212111634 =035 ##$$a 0010-061300000023730 =008 200212################g##########0#ind## =041 ##$$a Ind =082 ##$$a 057.45 =090 ##$$a 657.45, Agu a =100 ##$$a Agoes, Sukrisno =245 1#$$a Auditing, Petunjuk Pembuatan Kertas Kerja Pemeriksaan jawaban, Soekrisno Agoes /$c Soekrisno Agoes =260 ##$$a Jakarta :$b Fakultas Ekonomi Universitas Indonesia,$c 2004 =300 ##$$a 197 hlm, 78 cm : $b Ilus. ; $c 21 x 26 Cm =650 #4$$a Auditting =850 ##$$a NBPNMAT =020 ##$$a 979-9242-60-6 =084 ##$$a 057.45 AGO a =250 ##$$a Cet.1 =990 ##$$a 40601044